| 000 -LEADER |
| fixed length control field |
00749nam a22001817a 4500 |
| 003 - CONTROL NUMBER IDENTIFIER |
| control field |
OSt |
| 005 - DATE AND TIME OF LATEST TRANSACTION |
| control field |
20231107093354.0 |
| 008 - FIXED-LENGTH DATA ELEMENTS--GENERAL INFORMATION |
| fixed length control field |
231107b ||||| |||| 00| 0 eng d |
| 020 ## - INTERNATIONAL STANDARD BOOK NUMBER |
| International Standard Book Number |
9789386869371 |
| 040 ## - CATALOGING SOURCE |
| Transcribing agency |
KH8 |
| 082 ## - DEWEY DECIMAL CLASSIFICATION NUMBER |
| Classification number |
400 ORW |
| 100 ## - MAIN ENTRY--PERSONAL NAME |
| Personal name |
Orwell, George, |
| Relator term |
author. |
| 245 ## - TITLE STATEMENT |
| Title |
Animal Farm / |
| Statement of responsibility, etc. |
George Orwell. |
| 260 ## - PUBLICATION, DISTRIBUTION, ETC. |
| Place of publication, distribution, etc. |
Mumbai ; |
| Name of publisher, distributor, etc. |
Wilco Publishing House, |
| Date of publication, distribution, etc. |
2018. |
| 300 ## - PHYSICAL DESCRIPTION |
| Extent |
90 pages : |
| Dimensions |
13cm x 19.8cm. |
| 520 ## - SUMMARY, ETC. |
| Summary, etc. |
"All animals are equal. But some animals are more equal than others." Animal Farm is an allegorical novella by George Orwel, first published in England on 17 August 1945. The book reflects events leading up to the Russian Revolution of 1917 and then on into the Stalinist era of the Soviet Union. |
| 942 ## - ADDED ENTRY ELEMENTS (KOHA) |
| Source of classification or shelving scheme |
|
| Koha item type |
Teaching Resources |